CFB National Champions - Statistics

General Stats
  • This quiz has been taken 1,374 times
  • The average score is 61 of 86
Answer Stats
Hint Answer Hint Answer % Correct
2024 Ohio St 1938 Texas Christian
99%
2014 Ohio St 1928 Georgia Tech
99%
2002 Ohio St 1916 Pitt
99%
1967 Ohio St 1880 Princeton
99%
1957 Ohio St 1869 Rutger
99%
1942 Ohio St
99%
2020 Alabama 1934 Minnesota
93%
2017 Alabama 1931 USC
93%
2015 Alabama 1929 Notre dame
93%
2012 Alabama 1926 Alabama
93%
2011 Alabama 1925 Alabama
93%
2009 Alabama 1923 Illinois
93%
1992 Alabama 1906 Princeton
93%
1979 Alabama 1893 Princeton
93%
1978 Alabama 1892 Yale
93%
1964 Alabama 1877 Yale
93%
1961 Alabama 1874 Yale
93%
2023 Michigan 1937 Pitt
92%
1997 Michigan 1911 Penn St
92%
1948 Michigan
92%
2022 Georgia 1936 Minnesota
91%
2021 Georgia 1935 Minnesota
91%
1980 Georgia 1894 Yale
91%
2019 LSU 1933 Michigan
85%
2007 LSU 1921 Cal
85%
2003 LSU 1917 Georgia Tech
85%
1958 LSU 1870 Princeton
85%
2005 Texas 1919 Harvard
83%
1969 Texas 1882 Yale
83%
1963 Texas 1876 Yale
83%
2018 Clemson 1932 USC
82%
2016 Clemson 1930 Alabama
82%
1981 Clemson 1895 Penn
82%
2008 Florida 1922 Cal
81%
2006 Florida 1920 Cal
81%
1996 Florida 1910 Harvard
81%
2013 Florida St 1927 Illinois
78%
1999 Florida St 1913 Harvard
75%
1993 Florida St 1907 Yale
75%
2001 Miami 1915 Cornell
73%
1989 Miami 1903 Michigan
73%
1987 Miami 1901 Michigan
73%
1983 Miami 1897 Penn
73%
2004 USC 1918 Michigan
70%
1974 USC 1887 Yale
70%
1972 USC 1885 Princeton
70%
1962 USC 1875 Harvard
70%
1988 Notre dame 1902 Michigan
68%
1977 Notre dame 1891 Yale
68%
1973 Notre dame 1886 Yale
68%
1966 Notre dame 1879 Princeton
68%
1949 Notre dame
68%
1947 Notre dame
68%
1946 Notre dame
68%
1943 Notre dame
68%
2000 Oklahoma 1914 Army
67%
1985 Oklahoma 1899 Harvard
67%
1975 Oklahoma 1889 Princeton
67%
1956 Oklahoma
67%
1955 Oklahoma
67%
1950 Oklahoma
67%
1986 Penn St 1900 Yale
66%
1982 Penn St 1896 Princeton
66%
2010 Auburn 1924 Notre dame
65%
1965 Michigan St 1878 Princeton
58%
1952 Michigan St
58%
1995 Nebraska 1909 Yale
56%
1994 Nebraska 1908 LSU
56%
1971 Nebraska 1884 Yale
56%
1970 Nebraska 1883 Yale
56%
1968 Nebraska 1881 Yale
56%
1998 Tennessee 1912 Harvard
55%
1951 Tennessee
55%
1954 UCLA
53%
1991 Washington 1905 Chicago
52%
1990 Colorado 1904 Michigan
38%
1984 BYU 1898 Harvard
35%
1960 Minnesota 1873 Princeton
35%
1941 Minnesota
35%
1940 Minnesota
35%
1945 Army
32%
1944 Army
32%
1976 Pitt 1890 Harvard
30%
1959 Syracuse 1872 Princeton
28%
1953 Maryland
25%
2025 TBD 1939 Texas A&M
8%
No matching quizzes found
Score Distribution
Percent of People with Each Score
Percentile by Number Answered
Your Score History
You have not taken this quiz